000 00351nam a2200133 i 4500
001 bg
100 1 _aSOZAŃSKI, Adam
245 0 _aIndustrial method for separation of thorium from rare earth elements /
_cAdam Sozański.
260 _aWrocław,
_c1981.
040 _cBPK
041 _apol
942 _cKS
008 s pl f |000 0 pol
999 _c20382
_d20382
856 _uhttp://koha.tu.koszalin.pl/cgi-bin/koha/opac-detail.pl?biblionumber=20382
_yKatalog online BPK